000
00247nam a22000977a 4500
999
_c
11597
_d
11597
008
190805b ||||| |||| 00| 0 eng d
020
_a
9780241365700
100
_a
Draper
_9
7306
245
_a
Findout Earth
260
_a
India
_b
Penguin Random House
_c
2018